[Event "Yanofsky Memorial op"]
[Site "Winnipeg"]
[Date "2009.09.04"]
[Round "1"]
[White "Khedkar, Jay S"]
[Black "Klokow, John"]
[Result "1-0"]
[WhiteElo "2034"]
[BlackElo "1740"]
[PlyCount "93"]
[EventDate "2009.09.04"]
[EventType "swiss"]
[EventRounds "5"]
[EventCountry "CAN"]
[SourceTitle "EXT 2011"]
[Source "ChessBase"]
[SourceDate "2010.11.26"]
[SourceVersion "1"]
[SourceVersionDate "2010.11.26"]
[SourceQuality "1"]

1. e4 e5 2. f4 exf4 3. Nf3 Be7 4. Bc4 Bh4+ 5. Kf1 d5 6. Bxd5 Nf6 7. Nc3 Nxd5 8. Nxd5 0-0 9. Nxf4 Nc6 10. d4 Bg4 11. Be3 Qe7 12. Qd3 f5 13. e5 Bxf3 14. gxf3 Nxe5 15. dxe5 Qxe5 16. Qd5+ Qxd5 17. Nxd5 c6 18. Nf4 Rfe8 19. Bf2 Bf6 20. Nd3 Rad8 21. Re1 Rxe1+ 22. Bxe1 c5 23. Bc3 Bxc3 24. bxc3 c4 25. Ne1 Rd1 26. Ke2 Ra1 27. Kd2 Kf7 28. Rg1 a5 29. f4 Rxa2 30. Nf3 Kf6 31. Rb1 a4 32. Rxb7 Ra1 33. Ne5 a3 34. Nxc4 a2 35. Rb6+ Ke7 36. Ra6 g6 37. Ne3 Kf7 38. c4 Ke7 39. Nd5+ Kd7 40. Nc3 Rh1 41. Rxa2 Rxh2+ 42. Kd3 h5 43. Ra7+ Kc8 44. Nd5 Rg2 45. Rg7 Kd8 46. c5 h4 47. c6 1-0

[Event "Winnipeg TNT August op"]
[Site "Winnipeg"]
[Date "2009.08.25"]
[Round "4"]
[White "Klokow, John"]
[Black "Pang, Michael"]
[Result "0-1"]
[WhiteElo "1774"]
[BlackElo "1612"]
[PlyCount "115"]
[EventDate "2009.08.04"]
[EventType "swiss"]
[EventRounds "4"]
[EventCountry "CAN"]
[SourceTitle "EXT 2011"]
[Source "ChessBase"]
[SourceDate "2010.11.26"]
[SourceVersion "1"]
[SourceVersionDate "2010.11.26"]
[SourceQuality "1"]

1. e4 c5 2. Nf3 d6 3. d4 cxd4 4. Nxd4 Nf6 5. Nc3 Nc6 6. Bc4 Bd7 7. 0-0 g6 8. h3 Bg7 9. Be3 0-0 10. Qd2 a6 11. a4 Ne5 12. Bb3 Rc8 13. Qe2 Qc7 14. Rad1 Nc4 15. Bc1 Rfe8 16. Kh1 e6 17. f4 Qc5 18. Nf3 Nh5 19. Kh2 Nxb2 20. Bxb2 Bxc3 21. Bxc3 Qxc3 22. Rxd6 Nxf4 23. Qd2 Qxd2 24. Nxd2 Bc6 25. Rxf4 Kg7 26. Kg1 Re7 27. Kf1 Rec7 28. h4 h5 29. g3 Re7 30. Ke2 Rec7 31. Ke3 Re8 32. Rf2 Rce7 33. Nf3 Rc8 34. Rfd2 Be8 35. Rb6 Rcc7 36. Rd8 Bc6 37. Ne5 Be8 38. Rbd6 Rc3+ 39. Rd3 Rcc7 40. R3d4 Rc3+ 41. Kf4 f6 42. Rxe8 fxe5+ 43. Kxe5 Rxe8 44. Rd7+ Kh6 45. Rxb7 Rxg3 46. Rb6 Rg4 47. Rxa6 Rxh4 48. c4 Rb8 49. Bd1 Rb4 50. Rxe6 Rxc4 51. Bf3 Rxa4 52. Kd6 Ra6+ 53. Kd7 Rxe6 54. Kxe6 Rf4 55. Bg2 Rf2 56. Bh1 g5 57. e5 g4 58. Kd7 0-1

[Event "Winnipeg TNT August op"]
[Site "Winnipeg"]
[Date "2009.08.11"]
[Round "2"]
[White "Klokow, John"]
[Black "Swift, Ryne"]
[Result "1-0"]
[WhiteElo "1774"]
[BlackElo "1779"]
[PlyCount "97"]
[EventDate "2009.08.04"]
[EventType "swiss"]
[EventRounds "4"]
[EventCountry "CAN"]
[SourceTitle "EXT 2011"]
[Source "ChessBase"]
[SourceDate "2010.11.26"]
[SourceVersion "1"]
[SourceVersionDate "2010.11.26"]
[SourceQuality "1"]

1. e4 e5 2. Nf3 Nc6 3. Bb5 a6 4. Ba4 Nf6 5. 0-0 b5 6. Bb3 Be7 7. Re1 0-0 8. a4 Bb7 9. c3 d6 10. d3 h6 11. Nbd2 Qd7 12. Nf1 Rfe8 13. Ng3 Bf8 14. Nf5 Ne7 15. N3h4 Nxf5 16. Nxf5 d5 17. Qf3 Re6 18. Ne3 c6 19. exd5 cxd5 20. Nf5 Qc7 21. Qg3 Kh8 22. axb5 axb5 23. Rxa8 Bxa8 24. Be3 Ne8 25. Ra1 Qc8 26. d4 Ra6 27. Rxa6 Qxa6 28. Bc1 Qa1 29. Qe3 Qb1 30. g4 Nf6 31. f3 e4 32. Kg2 exf3+ 33. Kxf3 Qe4+ 34. Qxe4 dxe4+ 35. Kg3 Nd5 36. Bxd5 Bxd5 37. Bf4 b4 38. Ne3 Bb7 39. c4 Kg8 40. d5 Be7 41. Bc7 Bc5 42. Ng2 Kf8 43. Kf4 b3 44. Kxe4 f6 45. Nf4 Ke7 46. Ne6 Ba3 47. Nd4 Bxb2 48. Nxb3 Ba3 49. Kd4 1-0

[Event "Yanofsky Memorial op"]
[Site "Winnipeg"]
[Date "2008.08.30"]
[Round "3"]
[White "Hogeveen Rutter, Alexander"]
[Black "Klokow, John"]
[Result "1/2-1/2"]
[WhiteElo "1870"]
[BlackElo "1764"]
[PlyCount "96"]
[EventDate "2008.08.29"]
[EventType "swiss"]
[EventRounds "5"]
[EventCountry "CAN"]
[SourceTitle "EXT 2011"]
[Source "ChessBase"]
[SourceDate "2010.11.26"]
[SourceVersion "1"]
[SourceVersionDate "2010.11.26"]
[SourceQuality "1"]

1. e4 e5 2. Nf3 Nc6 3. Bb5 Nf6 4. 0-0 Nxe4 5. Re1 Nd6 6. Bxc6 dxc6 7. Nxe5 Be7 8. d4 0-0 9. c3 Be6 10. Bf4 Nf5 11. Nd2 c5 12. Nb3 cxd4 13. Nxd4 Nxd4 14. Qxd4 Qxd4 15. cxd4 Bb4 16. Red1 Rad8 17. Be3 Bd5 18. Nd3 Bd6 19. a4 h6 20. b4 f5 21. Nf4 Bxb4 22. a5 g5 23. Ng6 Rf6 24. Rdb1 Rxg6 25. Rxb4 f4 26. Bd2 a6 27. Re1 Kf7 28. f3 Re6 29. Kf2 Bc6 30. g3 Rxe1 31. Bxe1 fxg3+ 32. hxg3 Rd5 33. Rc4 Ke6 34. Bd2 Rf5 35. f4 Kd5 36. Rc5+ Ke4 37. Re5+ Rxe5 38. dxe5 g4 39. Bb4 Bd7 40. Be7 Kd4 41. Bd8 c5 42. Ke2 c4 43. Kd2 c3+ 44. Kc2 Bf5+ 45. Kc1 Ke3 46. Kd1 Kf3 47. Bh4 Ke3 48. Bd8 Kd4 1/2-1/2